| 000 | 01611nam a2200385Ia 4500 | ||
|---|---|---|---|
| 001 | ebr10278834 | ||
| 003 | CaPaEBR | ||
| 006 | m u | ||
| 007 | cr cn||||||||| | ||
| 008 | 980521s1999 enkb sb 000 0 eng d | ||
| 010 | _z 98022104 | ||
| 020 | _z0192833200(pbk.) | ||
| 020 | _z9780192833204 | ||
| 040 |
_aCaPaEBR _cCaPaEBR |
||
| 035 | _a(OCoLC)47011229 | ||
| 050 | 1 | 4 |
_aPR1583 _b.C76 1999eb |
| 082 | 0 | 4 |
_a829/.3 _221 |
| 130 | 0 |
_aBeowulf. _lEnglish. |
|
| 245 | 1 | 0 |
_aBeowulf _h[electronic resource] : _bthe fight at Finnsburh / _ctranslated by Kevin Crossley-Holland ; edited with an introduction and notes by Heather O'Donoghue. |
| 246 | 3 | _aBeowulf ; The fight at Finnsburh | |
| 260 |
_aOxford ; _aNew York : _bOxford University Press, _cc1999. |
||
| 300 |
_axxxvii, 128 p. : _b1 map. |
||
| 490 | 1 | _aOxford world's classics | |
| 504 | _aIncludes bibliographical references (p. 108-124). | ||
| 533 |
_aElectronic reproduction. _bPalo Alto, Calif. : _cebrary, _d2009. _nAvailable via World Wide Web. _nAccess may be limited to ebrary affiliated libraries. |
||
| 650 | 0 |
_aEnglish poetry _yOld English, ca. 450-1100 _vModernized versions. |
|
| 650 | 0 | _aEpic poetry, English (Old) | |
| 655 | 7 |
_aElectronic books. _2local |
|
| 700 | 1 | _aCrossley-Holland, Kevin. | |
| 700 | 1 | _aO'Donoghue, Heather. | |
| 710 | 2 | _aebrary, Inc. | |
| 730 | 0 |
_aFight at Finnesburg (Anglo-Saxon poem). _lEnglish. |
|
| 830 | 0 | _aOxford world's classics (Oxford University Press) | |
| 856 | 4 | 0 |
_uhttp://site.ebrary.com/lib/rucke/Doc?id=10278834 _zAn electronic book accessible through the World Wide Web; click to view |
| 999 |
_c4340 _d4340 |
||